000
00268nam a2200097Ia 4500
001
1250823
005
20251031150904.0
008
251031s9999 xx 000 0 und d
245
0
_c
CHRİSTİNE NÖSTLİNGER
_a
J-1 MİNİ VE MIRNAV KEDİ
260
_b
GÜNIŞIĞI YAYINLARI
999
_c
1250823
_d
1250823